Normal view
MARC view
- LEAP
Entry Personal Name
001 - CONTROL NUMBER
- control field: 214936
003 - CONTROL NUMBER IDENTIFIER
- control field: OSt
005 - DATE AND TIME OF LATEST TRANSACTION
- control field: 20251114161110.0
008 - FIXED-LENGTH DATA ELEMENTS
- fixed length control field: 251114|| aca||aabn | a|a d
040 ## - CATALOGING SOURCE
- Original cataloging agency: OSt
- Transcribing agency: OSt
100 ## - HEADING--PERSONAL NAME
- Personal name: LEAP
670 ## - SOURCE DATA FOUND
- Source citation: Work cat.: (OSt)86542: LEAP, Goals : Setting and Realisation, 2011